Emerging challenges before higher educational institutions need for reorientation of activities (Record no. 51059)

000 -LEADER
fixed length control field 00442pab a2200157 454500
008 - FIXED-LENGTH DATA ELEMENTS--GENERAL INFORMATION
fixed length control field 180718b2001 xxu||||| |||| 00| 0 eng d
100 ## - MAIN ENTRY--PERSONAL NAME
Personal name Jain, B.K.
245 ## - TITLE STATEMENT
Title Emerging challenges before higher educational institutions need for reorientation of activities
260 ## - PUBLICATION, DISTRIBUTION, ETC.
Date of publication, distribution, etc. 2001
300 ## - PHYSICAL DESCRIPTION
Extent p.43-48
362 ## - DATES OF PUBLICATION AND/OR SEQUENTIAL DESIGNATION
Dates of publication and/or sequential designation Jul - Dec
650 ## - SUBJECT ADDED ENTRY--TOPICAL TERM
Topical term or geographic name entry element Higher education institutions
700 ## - ADDED ENTRY--PERSONAL NAME
Personal name Bandyopadhyay, M.
773 ## - HOST ITEM ENTRY
Main entry heading Vision
909 ## -
-- 51059
Holdings
Withdrawn status Lost status Damaged status Not for loan Permanent Location Current Location Date acquired Serial Enumeration / chronology Barcode Date last seen Price effective from Koha item type
        Indian Institute of Public Administration Indian Institute of Public Administration 2018-07-19 Volume no: 5, Issue no: 2 AR51487 2018-07-19 2018-07-19 Articles

Powered by Koha